Ostwald energetizmusa.

Elmentve itt :
Bibliográfiai részletek
Szerző: Rácz Kálmán
Adatforrás:Philobibl
Forrásdokumentuma:Theológiai Szaklap
1916. évf., 115-128.p. p.
Dokumentumtípus: Cikk
Nyelv:magyar
LEADER 00285nab a2200097 c 4500
001 bibDOK00023607
005 20200924121746.7
008 060518s1916 hu hun
100 1 |a Rácz Kálmán 
245 1 0 |a Ostwald energetizmusa.  |c Rácz Kálmán 
773 0 |t Theológiai Szaklap  |g 1916. évf., 115-128.p. p.